000 00290nam a2200121Ia 4500
008 190216s9999||||xx |||||||||||||| ||und||
100 _aEllsworth P T&Amp;Clark Leith J
245 0 _aInternational Economy
260 _bMacmillan
_c1975
300 _a564p
650 _aEconomics
942 _cBK
999 _c9486
_d9486